000 00560nam a2200121 a 4500
008 120416s9999 xx |||||||||||||| || u
050 _aCBUEXT(02)2004/1
100 _aHamwela, Virginia
245 1 0 _aReport on an international training programme (ITP) on information stimulate 4
246 _ascientific and technological information management in universities and libraries (edition 4) held i
350 _a0.00
995 _D0.00
_FCBU-MAIN LIBRARY (Kitwe)
_H1
_I0.00
_UAVAILABLE
_ZInternational Publications
999 _c56185
_d56185